000
00283nam a22001217a 4500
082
_a
823
_b
JOH/S
100
_a
WTSS, JOHANN RUNDOFF
245
_a
THE SWISS FAMILY ROBINSON
260
_a
HYDERABAD
_b
ORIENT LONGMAN
_c
1974
300
_a
109
650
_a
ENGLISH STORY
_z
INDIA
942
_c
BK
999
_c
7278
_d
7278